Marketingový výzkum trhu

Salvato in:
Dettagli Bibliografici
Autori principali: Bártová, Hilda, Bárta, Vladimír, 1939- (Autore)
Natura: Libro
Lingua:ceco
Pubblicazione: Praha Economia 1991
Edizione:1. vyd.
Serie:Knižnice Hospodářských novin
Soggetti:
Accesso online:Visualizza in OPAC
Tags: Aggiungi Tag
Nessun Tag, puoi essere il primo ad aggiungerne!!

MARC

LEADER 00000nam a2200000 a 4500
005 20260127134110.0
008 131003s1991 CS 0 cze c
020 |a 8085378094 
035 |a vtls001131361 
035 |a SNK000074212 
039 9 |a 201310031150  |b VLOAD  |c 201306201750  |d VLOAD  |c 201212071051  |d mspk01  |c 200811280853  |d mschk03  |y 200412250640  |z VLOAD 
040 |a SNK  |b slo  |c SNK  |d STUSCHK1  |e AACR2 
041 0 |a cze 
044 |a [CS] 
080 |a 658.8:339.13  |2 1981 
100 1 |a Bártová, Hilda 
245 1 |a Marketingový výzkum trhu  |c Hilda Bártová, Vladimír Bárta 
250 |a 1. vyd. 
260 |a Praha  |b Economia  |c 1991 
300 |a 107, [1] s.  |c 21 cm 
490 0 |a Knižnice Hospodářských novin 
650 0 7 |a marketing  |2 SNKPH 
650 0 7 |a marketingový výskum  |2 SNKPH 
700 1 |a Bárta, Vladimír,  |d 1939-  |4 aut  |9 971 
910 |a SCHK95 
919 |a 80-85378-09-4 
954 |a trh  |a marketing  |x výskumy  |x príručky 
958 |a trh 
999 |c 4037  |d 4037